Development planning : (Record no. 8547)
[ view plain ]
| 000 -LEADER | |
|---|---|
| fixed length control field | 00698nam a2200241 a 4500 |
| 001 - CONTROL NUMBER | |
| JCCL Control Number | 8547 |
| 003 - CONTROL NUMBER IDENTIFIER | |
| JCCL marc code | BD - JhCC |
| 005 - DATE AND TIME OF LATEST TRANSACTION | |
| control field | 20220519134021.0 |
| 008 - FIXED-LENGTH DATA ELEMENTS--GENERAL INFORMATION | |
| fixed length control field | 880808s1966 enka b 001 0 eng |
| 020 ## - INTERNATIONAL STANDARD BOOK NUMBER | |
| International Standard Book Number | 0043300480 |
| 035 ## - SYSTEM CONTROL NUMBER | |
| system control number | (BD - JhCC)8547 |
| 040 ## - CATALOGING SOURCE | |
| Original cataloging agency | DLC |
| Transcribing agency | FXG |
| Modifying agency | SER |
| -- | BD - JhCC |
| 041 ## - LANGUAGE CODE | |
| Language code of Book | eng |
| 082 ## - DEWEY DECIMAL CLASSIFICATION NUMBER | |
| Author mark and Year | LEW 1966 |
| Classification number | 338.9 |
| 100 1# - MAIN ENTRY--PERSONAL NAME | |
| Personal name | Lewis, W. Arthur |
| Fuller form of name | (William Arthur), |
| Dates associated with a name | 1915-1991. |
| 245 10 - TITLE STATEMENT | |
| Title | Development planning : |
| Remainder of title | the essentials of economic policy / |
| Statement of responsibility, etc | W. Arthur Lewis. |
| 260 ## - PUBLICATION, DISTRIBUTION, ETC. (IMPRINT) | |
| Place of publication, distribution, etc | London : |
| Name of publisher, distributor, etc | Allen & Unwin, |
| Date of publication, distribution, etc | 1966. |
| 300 ## - PHYSICAL DESCRIPTION | |
| Pagination | 278 p. ; |
| Dimensions | 23 cm. |
| 504 ## - BIBLIOGRAPHY, ETC. NOTE | |
| Bibliography, etc | Includes bibliographies and index. |
| 650 #0 - SUBJECT ADDED ENTRY--TOPICAL TERM | |
| Topical term or geographic name as entry element | Economic policy. |
| 942 ## - ADDED ENTRY ELEMENTS (KOHA) | |
| Source of classification or shelving scheme | Dewey Decimal Classification |
| Koha item type | Books |
| Koha issues (borrowed), all copies | 1 |
| Source of classification or shelving scheme | Damaged status | Not for loan | Home library | Current library | Shelving location | Total Checkouts | Full call number | Barcode | Date last seen | Date checked out | Copy number | Koha item type |
|---|---|---|---|---|---|---|---|---|---|---|---|---|
| Dewey Decimal Classification | JCC Rouf Library | JCC Rouf Library | General Stacks | 1 | 338.9 LEW 1966 | 11298 | 07/30/2022 | 05/19/2022 | C - 1 | Books |